Special report: flood defences (Record no. 74501)

MARC details
000 -LEADER
fixed length control field 01245cab a2200265 4500
001 - CONTROL NUMBER
control field ABS68130
008 - FIXED-LENGTH DATA ELEMENTS--GENERAL INFORMATION
fixed length control field 040811n2004 000 0 eng u
035 ## - SYSTEM CONTROL NUMBER
System control number (Sirsi) u127054
100 ## - MAIN ENTRY--PERSONAL NAME
Personal name Smulian, M.
245 ## - TITLE STATEMENT
Title Special report: flood defences
260 ## - PUBLICATION, DISTRIBUTION, ETC.
Date of publication, distribution, etc. 2004
490 ## - SERIES STATEMENT
Series statement Contract Journal
Volume/sequential designation 424(6486) 28 July 2004, 16-23(8)
520 ## - SUMMARY, ETC.
Summary, etc. Special report on flood defences. "Defending the Gateway" explains how developers of the Thames Gateway are expected to deal with flood management by incorporating sustainable, soft drainage into the new developments. "Invisible barriers" describes how the Environment Agency provided a cost-effective defence system for Bewdley without spoiling its riverside setting. The final article, "Broad horizons" describes how PFI has been applied to flood defences in the Norfolk Broads with the restoration and management of the network of rivers and canals.
590 ## - LOCAL NOTE (RLIN)
Local note ABS
650 ## - SUBJECT ADDED ENTRY--TOPICAL TERM
Topical term or geographic name entry element FLOOD DEFENCES
650 ## - SUBJECT ADDED ENTRY--TOPICAL TERM
Topical term or geographic name entry element THAMES GATEWAY
650 ## - SUBJECT ADDED ENTRY--TOPICAL TERM
Topical term or geographic name entry element SUSTAINABLE DEVELOPMENT
650 ## - SUBJECT ADDED ENTRY--TOPICAL TERM
Topical term or geographic name entry element FLOOD MANAGEMENT
650 ## - SUBJECT ADDED ENTRY--TOPICAL TERM
Topical term or geographic name entry element PFI
650 ## - SUBJECT ADDED ENTRY--TOPICAL TERM
Topical term or geographic name entry element CONSERVATION
690 ## - LOCAL SUBJECT ADDED ENTRY--TOPICAL TERM (OCLC, RLIN)
Topical term or geographic name as entry element ENVIRONMENTAL AND LAND CONSULTANCY-ENVIRONMENTAL MANAGEMENT
700 ## - ADDED ENTRY--PERSONAL NAME
Personal name Atkinson, J.
700 ## - ADDED ENTRY--PERSONAL NAME
Personal name Mann, W.
942 ## - ADDED ENTRY ELEMENTS (KOHA)
Suppress in OPAC 0
Holdings
Withdrawn status Lost status Source of classification or shelving scheme Damaged status Not for loan Home library Current library Shelving location Date acquired Total Checkouts Full call number Barcode Date last seen Copy number Price effective from Koha item type
    Dewey Decimal Classification     London London Journal article 11/08/2004   ABS68130 127054-1001 06/08/2019 1 06/08/2019 Journal article